|
|
|
|
| LEADER |
00000cam a2200000 7i4500 |
| 001 |
0000003687 |
| 008 |
021118s1981 |
| 020 |
|
|
|a 087891532X
|
| 090 |
0 |
0 |
|a QD456
|b .P497
|
| 245 |
0 |
4 |
|a The physical chemistry problem solver
|c staff of Research and Education Association
|f M. Fogiel, director
|
| 260 |
2 |
|
|a New York
|b Research and Education Association
|c 1981
|
| 300 |
|
|
|a 788 p.
|c 25 cm
|
| 650 |
|
0 |
|a Chemistry, Physical and theoretical
|
| 710 |
2 |
1 |
|a Research and Education Association
|
| 999 |
|
|
|a 1000038525
|b Book
|c OPEN SHELF (30 DAYS)
|e Tembila Campus
|
| 999 |
|
|
|a 1000038667
|b Book
|c OPEN SHELF (30 DAYS)
|e Tembila Campus
|